Normal view
MARC view
- TE-15
Entry Geographic Name
001 - CONTROL NUMBER
- control field: 131123
003 - CONTROL NUMBER IDENTIFIER
- control field: NUST
005 - DATE AND TIME OF LATEST TRANSACTION
- control field: 20251014133138.0
008 - FIXED-LENGTH DATA ELEMENTS
- fixed length control field: 251014|| aca||aabn | a|a d
040 ## - CATALOGING SOURCE
- Original cataloging agency: NUST
- Transcribing agency: NUST
151 ## - HEADING--GEOGRAPHIC NAME
- Geographic name: TE-15
670 ## - SOURCE DATA FOUND
- Source citation: Work cat.: (NUST)182134: Sharif, Maj (TE-15) 131122, Digitization of speech using delta modulation, 1983
